Do You Have A Good Memory #2? - Statistics

General Stats
  • This quiz has been taken 5,951 times
  • The average score is 8 of 20
Answer Stats
Hint Extra Hint Answer % Correct
Congruently Click 1st and don't forget to read the description 1st
94%
Norseman Click 2nd 2nd
82%
Nonsubmissively Congruently
44%
Cyclonically Norseman
41%
Beastliest Nonsubmissively
40%
Chutist Cyclonically
38%
Fleecing Beastliest
36%
Perambulate Bagel
34%
Bagel Chutist
34%
Busman Abutter
32%
Abutter Fleecing
32%
Humoring Busman
31%
Conferment Perambulate
31%
Crispiest Humoring
30%
Remember! Arrow
29%
Indispensably Conferment
29%
Interchanged Crispiest
29%
Arrow Drachms
29%
Drachms Indispensably
29%
Remember! Interchanged
28%
No matching quizzes found
Score Distribution
Percent of People with Each Score
Percentile by Number Answered
Your Score History
You have not taken this quiz